| 000 | 01009nas a2200349 4500 | ||
|---|---|---|---|
| 001 | BR0903356 | ||
| 003 | BR-BrBNA | ||
| 005 | 20231205113657.0 | ||
| 007 | ta | ||
| 008 | 230509b bl.|||p| |||| 00| 00por d | ||
| 040 |
_aBR-BrBNA _bpor _cBiblioteca Nacional de Agricultura |
||
| 041 | _a(Pt) | ||
| 072 | _aF30 | ||
| 100 | 1 | _aOliveira, R.A. de | |
| 100 | 1 | _aDaros, E. | |
| 100 | 1 | _aBespalhok Filho, J.C. | |
| 100 | 1 | _aZambon, J.L.C. | |
| 100 | 1 | _aIdo, O.T. | |
| 100 | 1 | _aWeber, H. | |
| 100 | 1 | _aResende, M.D. V. de | |
| 100 | 1 | _aZeni Neto, H. | |
| 245 | 1 | _aSeleção de famílias de cana-de-açúcar via modelos mistos | |
| 650 | _aREPRODUÇÃO VEGETAL | ||
| 650 | _aCANA-DE-AÇÚCAR | ||
| 650 | _aSACCHARUM SPP | ||
| 650 | _aMELHORAMENTO GENÉTICO VEGETAL | ||
| 650 | _aCRUZAMENTO | ||
| 650 | _aSELEÇÃO GENÉTICA | ||
| 773 | 0 |
_tScientia Agraria (Brazil) _xISSN 1519-1125 _g(2008), v. 9(3) p. 269-274 _wBR0903356 |
|
| 909 |
_a202311 _bLúcia _c55 _dLúcia Elande |
||
| 942 |
_2AGRIS _n0 _cANA |
||
| 999 |
_c205014 _d205014 |
||